[Event "DFMMLV 2019"]
[Site "Braunfels"]
[Date "2019.06.23"]
[Round "5.31"]
[White "Hoerhold, Karola"]
[Black "Neumann, Tina"]
[Result "0-1"]
[WhiteElo "1727"]
[BlackElo "1525"]
[Annotator "NA"]
[PlyCount "147"]
[EventDate "2019.06.20"]
[EventType "team-tourn"]
[EventCountry "GER"]
[SourceTitle "playchess.com"]
[Source "ChessBase"]
[SourceQuality "1"]
[WhiteTeam "NRW"]
[BlackTeam "Thueringen"]
[TimeControl "40/5400+30:1800+30"]

1. e4 {[%emt 0:00:00]} d5 {[%emt 0:00:12]} 2. exd5 {[%emt 0:00:00]} Qxd5 {[%emt 0:00:05]} 3. Nc3 {[%emt 0:00:00]} Qa5 {[%emt 0:00:04]} 4. Nf3 {[%emt 0:00:04]} Nf6 {[%emt 0:00:47]} 5. b4 {[%emt 0:00:23]} Qxb4 {[%emt 0:11:24]} 6. a4 {[%emt 0:00:06]} c6 {[%emt 0:12:51]} 7. Bd3 {[%emt 0:00:30]} Qa5 {[%emt 0:19:45]} 8. O-O {[%emt 0:04:17]} Bg4 {[%emt 0:04:03]} 9. h3 {[%emt 0:04:22]} Bh5 {[%emt 0:00:59]} 10. Rb1 {[%emt 0:02:10]} Qc7 {[%emt 0:01:49]} 11. Re1 {[%emt 0:05:30]} e6 {[%emt 0:01:52]} 12. Bf1 {[%emt 0:00:42]} Bc5 {[%emt 0:09:54]} 13. Bb2 {[%emt 0:07:08]} Qg3 {[%emt 0:14:01]} 14. d4 {[%emt 0:11:43]} Bxf3 {[%emt 0:00:35]} 15. fxg3 {[%emt 0:00:09]} Bxd1 {[%emt 0:00:10]} 16. Nxd1 {[%emt 0:00:06]} Bd6 {[%emt 0:01:10]} 17. Re3 {[%emt 0:06:17]} O-O {[%emt 0:01:24]} 18. c4 {[%emt 0:03:00]} c5 {[%emt 0:02:12]} 19. d5 {[%emt 0:05:33]} exd5 {[%emt 0:01:09]} 20. cxd5 {[%emt 0:00:08]} b6 {[%emt 0:04:39]} 21. Nc3 {[%emt 0:03:54]} c4 {[%emt 0:04:13]} 22. Kh1 {[%emt 0:05:35]} Bb4 {[%emt 0:03:28]} 23. Bxc4 {[%emt 0:00:29]} Rc8 {[%emt 0:00:32]} 24. Bb3 {[%emt 0:04:28]} Nbd7 {[%emt 0:01:17]} 25. Nb5 {[%emt 0:02:16]} a6 {[%emt 0:00:41]} 26. Nd4 {[%emt 0:05:12]} Nc5 {[%emt 0:02:06]} 27. Nc6 {[%emt 0:01:26]} Nxb3 {[%emt 0:00:18]} 28. Nxb4 {[%emt 0:01:10]} Nd2 {[%emt 0:00:46]} 29. Rd1 {[%emt 0:03:45]} Nc4 {[%emt 0:00:26]} 30. Re2 {[%emt 0:00:18]} Nxb2 {[%emt 0:00:48]} 31. Rxb2 {[%emt 0:00:18]} Rd8 {[%emt 0:01:06]} 32. Rbd2 {[%emt 0:03:35]} Ne4 {[%emt 0:00:18]} 33. Rb2 {[%emt 0:01:21]} Nc3 {[%emt 0:00:35]} 34. Rd4 {[%emt 0:01:52]} a5 {[%emt 0:00:42]} 35. Nc6 {[%emt 0:00:31]} Rd6 {[%emt 0:00:34]} 36. Rbd2 {[%emt 0:01:46]} Kf8 {[%emt 0:00:26]} 37. R2d3 {[%emt 0:00:47]} Ne2 {[%emt 0:00:20]} 38. Re4 {[%emt 0:02:00]} Rxd5 {[%emt 0:00:14]} 39. Rxd5 {[%emt 0:01:03]} Nxg3+ {[%emt 0:00:01]} 40. Kg1 {[%emt 0:00:39]} Nxe4 {[%emt 0:00:02]} 41. Ne5 {[%emt 0:32:03]} Ke8 {[%emt 0:31:31]} 42. Nc4 {[%emt 0:01:21]} Nf6 {[%emt 0:00:00]} 43. Re5+ {[%emt 0:00:00]} Kd8 {[%emt 0:00:00]} 44. Nxb6 {[%emt 0:00:00]} Rb8 {[%emt 0:00:00]} 45. Rb5 {[%emt 0:00:00]} Nd7 {[%emt 0:00:00]} 46. Nc4 {[%emt 0:00:00]} Rxb5 {[%emt 0:00:00]} 47. axb5 {[%emt 0:00:00]} a4 {[%emt 0:00:00]} 48. Kf2 {[%emt 0:00:00]} Kc7 {[%emt 0:00:00]} 49. Ke2 {[%emt 0:00:00]} f6 {[%emt 0:00:00]} 50. Kd1 {[%emt 0:00:00]} Ne5 {[%emt 0:00:00]} 51. Na3 {[%emt 0:00:00]} Kb6 {[%emt 0:00:00]} 52. Kc2 {[%emt 0:00:00]} Kc5 {[%emt 0:00:00]} 53. Kc3 {[%emt 0:00:00]} Nd7 {[%emt 0:00:00]} 54. g4 {[%emt 0:00:00]} g6 {[%emt 0:00:47]} 55. Kb2 {[%emt 0:00:00]} Nb6 {[%emt 0:01:45]} 56. Kc3 {[%emt 0:06:43]} Nd5+ {[%emt 0:00:47]} 57. Kb2 {[%emt 0:00:33]} Kb4 {[%emt 0:02:22]} 58. h4 {[%emt 0:04:15]} f5 {[%emt 0:00:30]} 59. gxf5 {[%emt 0:00:17]} gxf5 {[%emt 0:00:15]} 60. Nc2+ {[%emt 0:00:20]} Kc5 {[%emt 0:00:46]} 61. Ka3 {[%emt 0:01:44]} f4 {[%emt 0:00:46]} 62. Kxa4 {[%emt 0:04:20]} Nc3+ {[%emt 0:01:12]} 63. Kb3 {[%emt 0:00:24]} Nxb5 {[%emt 0:00:30]} 64. Ne1 {[%emt 0:00:22]} Kd4 {[%emt 0:00:38]} 65. Kc2 {[%emt 0:00:33]} Nd6 {[%emt 0:00:35]} 66. Kd2 {[%emt 0:01:11]} Ke4 {[%emt 0:00:39]} 67. Ke2 {[%emt 0:00:22]} Nf5 {[%emt 0:00:10]} 68. Nf3 {[%emt 0:00:48]} Nd4+ {[%emt 0:01:10]} 69. Nxd4 {[%emt 0:00:42]} Kxd4 {[%emt 0:00:01]} 70. Kf2 {[%emt 0:00:43]} Ke4 {[%emt 0:00:48]} 71. Ke2 {[%emt 0:01:47]} f3+ {[%emt 0:01:24]} 72. Kf1 {[%emt 0:00:55]} Ke3 {[%emt 0:00:28]} 73. h5 h6 74. Ke1 0-1

[Event "DFMMLV 2019"]
[Site "Braunfels"]
[Date "2019.06.23"]
[Round "5.32"]
[White "Meyer, Jessica"]
[Black "Haehnel, Andrea"]
[Result "1/2-1/2"]
[WhiteElo "1344"]
[BlackElo "1746"]
[Annotator "NA"]
[PlyCount "143"]
[EventDate "2019.06.20"]
[EventType "team-tourn"]
[EventCountry "GER"]
[SourceTitle "playchess.com"]
[Source "ChessBase"]
[SourceQuality "1"]
[WhiteTeam "Thueringen"]
[BlackTeam "NRW"]
[TimeControl "40/5400+30:1800+30"]

1. a3 {[%emt 0:00:00]} g6 {[%emt 0:00:00]} 2. e3 {[%emt 0:01:16]} Bg7 {[%emt 0:00:00]} 3. Nf3 {[%emt 0:01:26]} b6 {[%emt 0:00:41]} 4. d4 {[%emt 0:02:45]} Bb7 {[%emt 0:00:05]} 5. c3 {[%emt 0:02:27]} Nf6 {[%emt 0:00:06]} 6. Nbd2 {[%emt 0:01:11]} d5 {[%emt 0:00:59]} 7. Bd3 {[%emt 0:03:07]} Nbd7 {[%emt 0:00:21]} 8. Qc2 {[%emt 0:01:58]} c5 {[%emt 0:01:47]} 9. b3 {[%emt 0:02:06]} O-O {[%emt 0:00:56]} 10. Bb2 {[%emt 0:00:42]} Rc8 {[%emt 0:03:24]} 11. Rc1 {[%emt 0:06:10]} cxd4 {[%emt 0:01:30]} 12. exd4 {[%emt 0:03:25]} Re8 {[%emt 0:01:14]} 13. O-O {[%emt 0:03:49]} a6 {[%emt 0:03:17]} 14. Rfe1 {[%emt 0:02:18]} Qc7 {[%emt 0:01:26]} 15. Qb1 {[%emt 0:01:39]} Qb8 {[%emt 0:02:52]} 16. Re2 {[%emt 0:14:01]} Nh5 {[%emt 0:05:34]} 17. g3 {[%emt 0:12:14]} e5 {[%emt 0:08:16]} 18. dxe5 {[%emt 0:02:49]} Nxe5 {[%emt 0:00:12]} 19. Nxe5 {[%emt 0:03:56]} Rxe5 {[%emt 0:00:45]} 20. Nf3 {[%emt 0:06:58]} Rxe2 {[%emt 0:01:42]} 21. Bxe2 {[%emt 0:00:25]} Nf6 {[%emt 0:05:34]} 22. Nd4 {[%emt 0:08:25]} Qd6 {[%emt 0:14:01]} 23. a4 {[%emt 0:04:29]} h5 {[%emt 0:00:18]} 24. h4 {[%emt 0:03:50]} Bh6 {[%emt 0:00:27]} 25. Rd1 {[%emt 0:02:10]} Ne4 {[%emt 0:00:13]} 26. Qd3 {[%emt 0:03:33]} Bg7 {[%emt 0:05:14]} 27. Rc1 {[%emt 0:01:06]} Re8 {[%emt 0:00:47]} 28. Kf1 {[%emt 0:01:03]} Bc8 {[%emt 0:00:34]} 29. Kg2 {[%emt 0:00:24]} Nc5 {[%emt 0:01:09]} 30. Qc2 {[%emt 0:00:59]} Bxd4 {[%emt 0:04:42]} 31. cxd4 {[%emt 0:01:13]} Ne4 {[%emt 0:07:31]} 32. Bf3 {[%emt 0:00:33]} Bf5 {[%emt 0:08:28]} 33. Qc6 {[%emt 0:00:23]} Qxc6 {[%emt 0:00:08]} 34. Rxc6 {[%emt 0:00:05]} Re6 {[%emt 0:00:06]} 35. Rc8+ {[%emt 0:01:23]} Kg7 {[%emt 0:00:06]} 36. Bxe4 {[%emt 0:00:53]} Rxe4 {[%emt 0:02:10]} 37. Rc6 {[%emt 0:01:57]} Re2 {[%emt 0:00:29]} 38. Ba1 {[%emt 0:00:27]} Re1 {[%emt 0:02:11]} 39. Bb2 {[%emt 0:00:12]} Be4+ {[%emt 0:00:28]} 40. f3 {[%emt 0:00:46]} Re2+ {[%emt 0:00:43]} 41. Kf1 {[%emt 0:02:26]} Bxf3 {[%emt 0:00:37]} 42. Ba3 {[%emt 0:06:18]} Re6 {[%emt 0:05:52]} 43. Bd6 {[%emt 0:04:58]} b5 {[%emt 0:02:49]} 44. Rxa6 {[%emt 0:03:18]} bxa4 {[%emt 0:00:35]} 45. Be5+ {[%emt 0:01:25]} Kh7 {[%emt 0:01:48]} 46. Rxa4 {[%emt 0:02:24]} f6 {[%emt 0:07:52]} 47. Ra7+ {[%emt 0:04:06]} Kg8 {[%emt 0:05:33]} 48. Bc7 {[%emt 0:03:15]} Be2+ {[%emt 0:02:42]} 49. Kf2 {[%emt 0:01:07]} Bd3 {[%emt 0:00:41]} 50. Ra2 {[%emt 0:01:22]} Rc6 {[%emt 0:02:57]} 51. Bf4 {[%emt 0:01:13]} Rb6 {[%emt 0:02:28]} 52. Rb2 {[%emt 0:01:16]} Kf7 {[%emt 0:00:52]} 53. Kf3 {[%emt 0:01:24]} Ke6 {[%emt 0:01:03]} 54. g4 {[%emt 0:01:19]} Rb4 {[%emt 0:03:03]} 55. Be3 {[%emt 0:00:51]} Bc4 {[%emt 0:00:48]} 56. Bd2 {[%emt 0:01:48]} Rxb3+ {[%emt 0:00:47]} 57. Rxb3 {[%emt 0:01:04]} Bxb3 {[%emt 0:00:33]} 58. Kf4 {[%emt 0:00:46]} Bd1 {[%emt 0:01:18]} 59. gxh5 {[%emt 0:00:00]} Bxh5 {[%emt 0:00:00]} 60. Be3 {[%emt 0:00:00]} Be2 {[%emt 0:00:00]} 61. Bd2 {[%emt 0:00:00]} Bd3 {[%emt 0:00:00]} 62. Be3 {[%emt 0:00:00]} Kd6 {[%emt 0:00:00]} 63. Bd2 {[%emt 0:00:00]} Kc6 {[%emt 0:00:00]} 64. Bb4 {[%emt 0:00:00]} Kd7 {[%emt 0:01:28]} 65. Bd2 {[%emt 0:00:00]} Ke7 {[%emt 0:00:04]} 66. Bb4+ {[%emt 0:00:00]} Kf7 {[%emt 0:00:05]} 67. Bd2 {[%emt 0:00:00]} Kg7 {[%emt 0:00:04]} 68. Be3 {[%emt 0:00:00]} Be2 {[%emt 0:00:43]} 69. Bd2 {[%emt 0:00:00]} Bd1 {[%emt 0:00:18]} 70. Bc1 {[%emt 0:00:00]} Kh6 {[%emt 0:01:28]} 71. Kg3+ {[%emt 0:00:11]} Kh5 {[%emt 0:00:22]} 72. Bd2 {[%emt 0:00:31]} 1/2-1/2

[Event "DFMMLV 2019"]
[Site "Braunfels"]
[Date "2019.06.23"]
[Round "5.33"]
[White "Rieseler, Caroline"]
[Black "Brandt, Carina"]
[Result "1-0"]
[WhiteElo "2111"]
[BlackElo "2085"]
[Annotator "NA"]
[PlyCount "79"]
[EventDate "2019.06.20"]
[EventType "team-tourn"]
[EventCountry "GER"]
[SourceTitle "playchess.com"]
[Source "ChessBase"]
[SourceQuality "1"]
[WhiteTeam "Hessen 1"]
[BlackTeam "Hamburg"]
[TimeControl "40/5400+30:1800+30"]

1. e4 {[%emt 0:00:00]} e6 {[%emt 0:00:00]} 2. d4 {[%emt 0:00:00]} d5 {[%emt 0:00:00]} 3. Nc3 {[%emt 0:00:08]} Bb4 {[%emt 0:00:13]} 4. e5 {[%emt 0:00:12]} c5 {[%emt 0:00:08]} 5. a3 {[%emt 0:00:12]} Bxc3+ {[%emt 0:00:05]} 6. bxc3 {[%emt 0:00:04]} Ne7 {[%emt 0:00:06]} 7. Qg4 {[%emt 0:00:13]} cxd4 {[%emt 0:01:22]} 8. Qxg7 {[%emt 0:00:08]} Rg8 {[%emt 0:00:04]} 9. Qxh7 {[%emt 0:00:05]} Qc7 {[%emt 0:00:04]} 10. Ne2 {[%emt 0:00:26]} dxc3 {[%emt 0:00:25]} 11. f4 {[%emt 0:00:16]} Nbc6 {[%emt 0:00:05]} 12. h4 {[%emt 0:00:27]} Bd7 {[%emt 0:01:36]} 13. h5 {[%emt 0:02:22]} O-O-O {[%emt 0:02:35]} 14. Qd3 {[%emt 0:00:08]} d4 {[%emt 0:00:45]} 15. Rg1 {[%emt 0:02:51]} Rg4 {[%emt 0:04:37]} 16. g3 {[%emt 0:01:37]} Nxe5 {[%emt 0:12:00]} 17. fxe5 {[%emt 0:02:55]} Qxe5 {[%emt 0:00:06]} 18. Bf4 {[%emt 0:13:13]} Qxh5 {[%emt 0:03:07]} 19. Qxd4 {[%emt 0:03:34]} Nc6 {[%emt 0:02:13]} 20. Qxc3 {[%emt 0:02:57]} e5 {[%emt 0:00:20]} 21. Be3 {[%emt 0:06:33]} Be6 {[%emt 0:02:45]} 22. Rb1 {[%emt 0:22:49]} Rc4 {[%emt 0:12:45]} 23. Qb2 {[%emt 0:00:09]} Rd7 {[%emt 0:01:23]} 24. Bg2 {[%emt 0:06:45]} Nd4 {[%emt 0:05:28]} 25. Bxd4 {[%emt 0:18:17]} exd4 {[%emt 0:00:37]} 26. Bxb7+ {[%emt 0:00:39]} Kd8 {[%emt 0:00:03]} 27. Be4 {[%emt 0:01:21]} Qa5+ {[%emt 0:08:28]} 28. Kf2 {[%emt 0:00:42]} Bf5 {[%emt 0:06:18]} 29. Qb8+ {[%emt 0:02:52]} Rc8 {[%emt 0:03:35]} 30. Qf4 {[%emt 0:01:12]} Rc5 {[%emt 0:02:51]} 31. Rb8+ {[%emt 0:00:35]} Ke7 {[%emt 0:00:01]} 32. Qg5+ {[%emt 0:01:34]} Kd6 {[%emt 0:02:15]} 33. Qf6+ {[%emt 0:03:30]} Kc7 {[%emt 0:01:42]} 34. Rb7+ {[%emt 0:00:10]} Kc8 {[%emt 0:00:07]} 35. Rxd7 {[%emt 0:00:57]} Bxe4 {[%emt 0:05:26]} 36. Qxd4 {[%emt 0:00:28]} Rf5+ {[%emt 0:00:44]} 37. Nf4 {[%emt 0:00:18]} Bc6 {[%emt 0:07:26]} 38. Rxa7 {[%emt 0:00:50]} Qb5 {[%emt 0:01:00]} 39. Rd1 {[%emt 0:01:56]} Bd5 {[%emt 0:01:10]} 40. Qh8+ {[%emt 0:00:46]} 1-0

[Event "DFMMLV 2019"]
[Site "Braunfels"]
[Date "2019.06.23"]
[Round "5.34"]
[White "Koellner, Felicitas Ophelia"]
[Black "Bluebaum, Johanna"]
[Result "1-0"]
[WhiteElo "1847"]
[BlackElo "2003"]
[Annotator "NA"]
[PlyCount "83"]
[EventDate "2019.06.20"]
[EventType "team-tourn"]
[EventCountry "GER"]
[SourceTitle "playchess.com"]
[Source "ChessBase"]
[SourceQuality "1"]
[WhiteTeam "Hamburg"]
[BlackTeam "Hessen 1"]
[TimeControl "40/5400+30:1800+30"]

1. d4 {[%emt 0:00:00]} d5 {[%emt 0:00:00]} 2. Nf3 {[%emt 0:00:00]} Nf6 {[%emt 0:01:51]} 3. e3 {[%emt 0:00:00]} Bg4 {[%emt 0:00:47]} 4. h3 {[%emt 0:00:15]} Bh5 {[%emt 0:01:09]} 5. g4 {[%emt 0:01:03]} Bg6 {[%emt 0:00:17]} 6. Ne5 {[%emt 0:00:08]} Nbd7 {[%emt 0:13:44]} 7. h4 {[%emt 0:00:36]} Nxe5 {[%emt 0:10:43]} 8. dxe5 {[%emt 0:24:47]} Nxg4 {[%emt 0:09:03]} 9. Qxg4 {[%emt 0:03:35]} Bxc2 {[%emt 0:03:54]} 10. Nc3 {[%emt 0:00:39]} e6 {[%emt 0:01:33]} 11. Qe2 {[%emt 0:02:16]} Bf5 {[%emt 0:01:40]} 12. Qb5+ {[%emt 0:00:53]} c6 {[%emt 0:01:48]} 13. Qxb7 {[%emt 0:00:25]} Rc8 {[%emt 0:00:43]} 14. Bd2 {[%emt 0:04:07]} Rc7 {[%emt 0:02:19]} 15. Qb3 {[%emt 0:12:58]} Be7 {[%emt 0:01:13]} 16. h5 {[%emt 0:04:09]} Qc8 {[%emt 0:10:21]} 17. Qa4 {[%emt 0:03:55]} O-O {[%emt 0:03:37]} 18. Be2 {[%emt 0:05:04]} h6 {[%emt 0:02:12]} 19. Qf4 {[%emt 0:06:43]} Kh8 {[%emt 0:01:21]} 20. O-O {[%emt 0:08:24]} Qb8 {[%emt 0:01:29]} 21. b3 {[%emt 0:01:20]} Rb7 {[%emt 0:00:49]} 22. Kh2 {[%emt 0:02:09]} Rb4 {[%emt 0:00:58]} 23. Qg3 {[%emt 0:00:31]} Bh4 {[%emt 0:02:28]} 24. Qg2 {[%emt 0:01:23]} Qxe5+ {[%emt 0:01:12]} 25. f4 {[%emt 0:00:20]} Qb8 {[%emt 0:02:55]} 26. Na4 {[%emt 0:02:17]} Rb7 {[%emt 0:08:09]} 27. Rg1 {[%emt 0:01:07]} Bf6 {[%emt 0:03:49]} 28. Bc3 {[%emt 0:00:43]} Qd8 {[%emt 0:02:05]} 29. Bxf6 {[%emt 0:04:38]} Qxf6 {[%emt 0:00:01]} 30. Qg3 {[%emt 0:00:08]} g6 {[%emt 0:05:53]} 31. Bg4 {[%emt 0:03:20]} Rg8 {[%emt 0:02:09]} 32. Bxf5 {[%emt 0:00:44]} Qxf5 {[%emt 0:00:01]} 33. hxg6 {[%emt 0:01:33]} fxg6 {[%emt 0:01:51]} 34. Qg4 {[%emt 0:00:26]} Qe4 {[%emt 0:00:59]} 35. Qh3 {[%emt 0:01:59]} Re7 {[%emt 0:00:54]} 36. Rac1 {[%emt 0:00:43]} e5 {[%emt 0:00:42]} 37. Nc5 {[%emt 0:01:07]} Qb4 {[%emt 0:00:13]} 38. fxe5 {[%emt 0:02:22]} Qd2+ {[%emt 0:00:31]} 39. Kh1 {[%emt 0:00:28]} Kh7 {[%emt 0:00:44]} 40. Nd7 {[%emt 0:01:07]} Rgg7 {[%emt 0:00:59]} 41. Nf6+ {[%emt 0:30:21]} Kh8 {[%emt 0:30:07]} 42. Qc8+ {[%emt 0:00:09]} 1-0

[Event "DFMMLV 2019"]
[Site "Braunfels"]
[Date "2019.06.23"]
[Round "5.35"]
[White "Barpiyeva, Gulsana"]
[Black "Wulf, Constanze"]
[Result "1/2-1/2"]
[WhiteElo "2018"]
[BlackElo "1711"]
[Annotator "NA"]
[PlyCount "85"]
[EventDate "2019.06.20"]
[EventType "team-tourn"]
[EventCountry "GER"]
[SourceTitle "playchess.com"]
[Source "ChessBase"]
[SourceQuality "1"]
[WhiteTeam "Hessen 1"]
[BlackTeam "Hamburg"]
[TimeControl "40/5400+30:1800+30"]

1. d4 {[%emt 0:00:00]} d5 {[%emt 0:00:00]} 2. c4 {[%emt 0:00:00]} e6 {[%emt 0:00:00]} 3. e3 {[%emt 0:00:00]} c6 {[%emt 0:00:06]} 4. Nf3 {[%emt 0:00:08]} Nf6 {[%emt 0:00:11]} 5. Nc3 {[%emt 0:00:18]} Nbd7 {[%emt 0:00:05]} 6. Bd3 {[%emt 0:00:30]} dxc4 {[%emt 0:00:09]} 7. Bxc4 {[%emt 0:00:10]} b5 {[%emt 0:00:05]} 8. Bd3 {[%emt 0:00:30]} Bb7 9. a3 {[%emt 0:01:27]} a6 {[%emt 0:06:59]} 10. b4 {[%emt 0:02:26]} a5 {[%emt 0:01:11]} 11. Rb1 {[%emt 0:10:18]} Qb8 {[%emt 0:17:49]} 12. O-O {[%emt 0:03:41]} Be7 {[%emt 0:01:57]} 13. Qe2 {[%emt 0:04:11]} O-O {[%emt 0:02:51]} 14. e4 {[%emt 0:03:34]} axb4 {[%emt 0:06:29]} 15. axb4 {[%emt 0:00:09]} e5 {[%emt 0:00:08]} 16. h3 {[%emt 0:16:12]} Re8 {[%emt 0:18:29]} 17. Be3 {[%emt 0:04:33]} Bd6 {[%emt 0:08:31]} 18. Nh4 {[%emt 0:09:27]} exd4 {[%emt 0:02:45]} 19. Bxd4 {[%emt 0:00:43]} c5 {[%emt 0:04:47]} 20. bxc5 {[%emt 0:04:41]} Bxc5 {[%emt 0:01:46]} 21. Bxc5 {[%emt 0:01:47]} Nxc5 {[%emt 0:00:06]} 22. Bxb5 {[%emt 0:01:43]} Re6 {[%emt 0:01:40]} 23. Bc4 {[%emt 0:01:49]} Re8 {[%emt 0:00:15]} 24. f3 {[%emt 0:03:58]} Qe5 {[%emt 0:04:33]} 25. Nb5 {[%emt 0:03:18]} Ba6 {[%emt 0:02:32]} 26. Rfd1 {[%emt 0:02:31]} Red8 {[%emt 0:05:20]} 27. Nf5 {[%emt 0:05:28]} Bxb5 {[%emt 0:01:46]} 28. Rxb5 {[%emt 0:04:40]} Rxd1+ {[%emt 0:01:26]} 29. Qxd1 {[%emt 0:00:27]} Ra1 {[%emt 0:00:20]} 30. Rb8+ {[%emt 0:02:56]} Qxb8 {[%emt 0:00:09]} 31. Qxa1 {[%emt 0:00:09]} Ncd7 {[%emt 0:02:42]} 32. Qd4 {[%emt 0:07:30]} Qe5 {[%emt 0:03:22]} 33. Qxe5 {[%emt 0:01:30]} Nxe5 {[%emt 0:00:05]} 34. Bb3 {[%emt 0:00:17]} Nh5 {[%emt 0:00:29]} 35. Ne7+ {[%emt 0:02:10]} Kf8 {[%emt 0:00:22]} 36. Nd5 {[%emt 0:00:06]} Nd3 {[%emt 0:01:30]} 37. Kh2 {[%emt 0:01:58]} Ne1 {[%emt 0:03:05]} 38. Bd1 {[%emt 0:00:33]} Nd3 {[%emt 0:00:54]} 39. g3 {[%emt 0:01:11]} g6 {[%emt 0:01:43]} 40. f4 {[%emt 0:01:42]} Ng7 {[%emt 0:00:23]} 41. Bc2 {[%emt 0:05:28]} Nc5 {[%emt 0:00:00]} 42. g4 {[%emt 0:01:31]} Nge6 {[%emt 0:01:37]} 43. e5 {[%emt 0:03:16]} 1/2-1/2

[Event "DFMMLV 2019"]
[Site "Braunfels"]
[Date "2019.06.23"]
[Round "5.36"]
[White "Tobianski, Karina"]
[Black "Lukas, Anne"]
[Result "1-0"]
[WhiteElo "1680"]
[BlackElo "1842"]
[Annotator "NA"]
[PlyCount "67"]
[EventDate "2019.06.20"]
[EventType "team-tourn"]
[EventCountry "GER"]
[SourceTitle "playchess.com"]
[Source "ChessBase"]
[SourceQuality "1"]
[WhiteTeam "Hamburg"]
[BlackTeam "Hessen 1"]
[TimeControl "40/5400+30:1800+30"]

1. e4 {[%emt 0:00:00]} c5 {[%emt 0:00:00]} 2. c3 {[%emt 0:00:00]} g6 {[%emt 0:00:00]} 3. d4 {[%emt 0:00:00]} cxd4 {[%emt 0:00:00]} 4. cxd4 {[%emt 0:00:00]} d5 {[%emt 0:00:00]} 5. exd5 {[%emt 0:00:00]} Nf6 {[%emt 0:00:00]} 6. Bb5+ {[%emt 0:00:17]} Bd7 {[%emt 0:00:36]} 7. Bc4 {[%emt 0:00:18]} a6 {[%emt 0:01:01]} 8. Nc3 {[%emt 0:01:11]} b5 {[%emt 0:01:00]} 9. Bb3 {[%emt 0:00:53]} b4 {[%emt 0:01:21]} 10. Nce2 {[%emt 0:02:57]} Bb5 {[%emt 0:00:59]} 11. Nf3 {[%emt 0:03:25]} Nxd5 {[%emt 0:01:21]} 12. O-O {[%emt 0:02:54]} Bg7 {[%emt 0:00:37]} 13. Re1 {[%emt 0:00:57]} O-O {[%emt 0:01:19]} 14. Bg5 {[%emt 0:03:28]} Re8 {[%emt 0:07:03]} 15. Qd2 {[%emt 0:01:49]} Nc6 {[%emt 0:01:22]} 16. Rad1 {[%emt 0:13:38]} Ra7 {[%emt 0:07:16]} 17. Bh6 {[%emt 0:05:29]} Na5 {[%emt 0:02:50]} 18. Bxd5 {[%emt 0:05:07]} Qxd5 {[%emt 0:00:33]} 19. Bxg7 {[%emt 0:00:00]} Kxg7 {[%emt 0:00:08]} 20. Qxb4 {[%emt 0:00:15]} Kg8 {[%emt 0:00:30]} 21. Nc3 {[%emt 0:02:24]} Qb7 {[%emt 0:07:24]} 22. a4 {[%emt 0:04:07]} Bc6 {[%emt 0:09:35]} 23. Qc4 {[%emt 0:01:09]} Bxf3 {[%emt 0:00:20]} 24. gxf3 {[%emt 0:00:12]} Rc8 {[%emt 0:01:06]} 25. Qe2 {[%emt 0:01:16]} Rc6 {[%emt 0:02:48]} 26. d5 {[%emt 0:01:53]} Rf6 {[%emt 0:00:27]} 27. Ne4 {[%emt 0:07:02]} Rf5 {[%emt 0:01:07]} 28. d6 {[%emt 0:01:38]} exd6 {[%emt 0:00:17]} 29. Rxd6 {[%emt 0:00:37]} Qb4 {[%emt 0:01:30]} 30. Qd2 {[%emt 0:08:06]} Qb7 {[%emt 0:04:19]} 31. Qc3 {[%emt 0:01:43]} Qe7 32. Red1 {[%emt 0:05:52]} Qg5+ {[%emt 0:04:08]} 33. Ng3 {[%emt 0:04:20]} Kf8 34. R1d4 1-0

[Event "DFMMLV 2019"]
[Site "Braunfels"]
[Date "2019.06.23"]
[Round "5.37"]
[White "Frank, Michelle Viviane"]
[Black "Neumann, Ramona"]
[Result "1-0"]
[WhiteElo "1915"]
[BlackElo "1709"]
[Annotator "NA"]
[PlyCount "65"]
[EventDate "2019.06.20"]
[EventType "team-tourn"]
[EventCountry "GER"]
[SourceTitle "playchess.com"]
[Source "ChessBase"]
[SourceQuality "1"]
[WhiteTeam "Hessen 1"]
[BlackTeam "Hamburg"]
[TimeControl "40/5400+30:1800+30"]

1. e4 {[%emt 0:00:00]} e6 {[%emt 0:00:00]} 2. d4 {[%emt 0:00:00]} d5 {[%emt 0:00:00]} 3. Nc3 {[%emt 0:00:00]} Bb4 {[%emt 0:01:01]} 4. e5 {[%emt 0:00:00]} Ne7 {[%emt 0:06:11]} 5. a3 {[%emt 0:00:14]} Bxc3+ {[%emt 0:00:05]} 6. bxc3 {[%emt 0:00:07]} c5 {[%emt 0:02:00]} 7. Qg4 {[%emt 0:00:08]} O-O {[%emt 0:13:03]} 8. Bd3 {[%emt 0:00:18]} c4 {[%emt 0:04:03]} 9. Be2 {[%emt 0:00:36]} Nd7 {[%emt 0:00:37]} 10. Nf3 {[%emt 0:01:55]} f5 {[%emt 0:13:49]} 11. Qh3 {[%emt 0:00:35]} Qe8 {[%emt 0:05:53]} 12. Ng5 {[%emt 0:00:08]} Qg6 {[%emt 0:00:23]} 13. f4 {[%emt 0:00:45]} Qh6 {[%emt 0:05:35]} 14. Qxh6 {[%emt 0:01:58]} gxh6 {[%emt 0:00:05]} 15. Nxe6 {[%emt 0:00:06]} Rf7 {[%emt 0:00:32]} 16. Bh5 {[%emt 0:00:18]} Ng6 {[%emt 0:00:41]} 17. Nc7 {[%emt 0:00:06]} Nb6 {[%emt 0:05:24]} 18. Nxa8 {[%emt 0:00:13]} Nxa8 {[%emt 0:00:02]} 19. a4 {[%emt 0:00:25]} b6 {[%emt 0:00:56]} 20. O-O {[%emt 0:01:12]} Nc7 {[%emt 0:00:36]} 21. g3 {[%emt 0:00:38]} Ne6 {[%emt 0:01:00]} 22. Bf3 {[%emt 0:00:19]} Bb7 {[%emt 0:01:36]} 23. a5 {[%emt 0:00:10]} b5 {[%emt 0:00:17]} 24. a6 {[%emt 0:00:05]} Bc6 {[%emt 0:00:27]} 25. Ba3 {[%emt 0:00:12]} Rg7 {[%emt 0:01:56]} 26. Kf2 {[%emt 0:00:10]} Ngf8 {[%emt 0:01:05]} 27. Bd6 {[%emt 0:00:37]} Nd7 {[%emt 0:01:05]} 28. Rfb1 {[%emt 0:00:48]} Nb6 {[%emt 0:02:31]} 29. Ra5 {[%emt 0:00:24]} Be8 {[%emt 0:06:15]} 30. Rbxb5 {[%emt 0:00:12]} Bxb5 {[%emt 0:00:50]} 31. Rxb5 {[%emt 0:00:06]} Rd7 {[%emt 0:07:00]} 32. Rxb6 {[%emt 0:00:23]} axb6 {[%emt 0:00:59]} 33. Bxd5 {[%emt 0:00:05]} 1-0